Svět po první světové válce

Korporativní autor: Kartografický a reprodukční ústav (Praha, Česko)
Další autoři: Vandová, Alena, Trlifaj, František, Ústřední správa geodézie a kartografie
Jazyk: Čeština
Vydáno: Praha : Ústřední správa geodézie a kartografie, 1957
Vydání: 1. vyd.
Témata:
Externí odkaz: Digitalizovaný dokument
Fyzický popis: 1 mapa na 4 listech : barev. ; 122 x 202 cm, listy 81 x 120 cm
Mapy
Uloženo v:
LEADER 01767nem a2200373 a 4500
001 001280818
003 CZ BrMZK
005 20140205152056.0
007 aj|canzn
008 111208s1957 xr df a 0| cze d
034 1 |a a  |b 20000000  |d W1800000  |e E1800000  |f N0900000  |g S0900000 
040 |a BOA001  |b cze 
072 7 |a 913:94  |x Historická geografie  |2 Konspekt  |9 7 
072 7 |a 912  |x Mapy. Atlasy. Glóby  |2 Konspekt  |9 7 
080 |a (084.3)  |2 MRF 
080 |a (084.3)371.673  |2 MRF 
110 2 |a Kartografický a reprodukční ústav (Praha, Česko)  |7 ko2003164641  |4 ctg 
245 1 0 |a Svět po první světové válce  |h [kartografický dokument] /  |c zpracoval a vytiskl Kartografický a reprodukční ústav v Praze ; odpovědná redaktorka Alena Vandová ; technický redaktor František Trlifaj 
250 |a 1. vyd. 
255 |a Měřítko 1:20 000 000 ;  |b Grintenovo zobrazení  |c (180°00´00" z.d.--180°00´00" v.d./090°00´00" s.š.--090°00´00" j.š.) 
260 |a Praha :  |b Ústřední správa geodézie a kartografie,  |c 1957  |f (Kartografický a reprodukční ústav v Praze) 
300 |a 1 mapa na 4 listech :  |b barev. ;  |c 122 x 202 cm, listy 81 x 120 cm 
500 |a Čís. výr. 005/21-57 
505 2 0 |t Evropa.  |g Měřítko 1:8 000 000. 41 x 42 cm 
655 7 |a mapy Země  |7 fd185303  |2 czenas 
655 7 |a historické mapy  |7 fd186723  |2 czenas 
655 7 |a školní mapy  |7 fd133894  |2 czenas 
700 1 |a Vandová, Alena  |7 mzk2009539780  |4 pbd 
700 1 |a Trlifaj, František  |7 xx0174666  |4 red 
710 2 |a Ústřední správa geodézie a kartografie  |7 kn20050506060  |4 pbl 
856 4 1 |u http://www.digitalniknihovna.cz/mzk/uuid/uuid:8200bbbf-8433-4b10-b31d-a5c3fca18edb  |y Digitalizovaný dokument 
910 |a BOA001  |b Mpa-0404.329 
990 |a MP 
991 |b 201302